Standards in education : with some consideration of their relation to industrial training /

Bibliographic Details
Main Author: Chamberlain, Arthur Henry, 1870-
Format: Book
Language:English
Published: New York, Cincinnati [etc.] : American book company, [1908]
Subjects:

MARC

Tag First Indicator Second Indicator Subfields
LEADER 00000cam a2200000 4500
001 in00000054947
005 20151008052133.0
008 730306s1908 nyu b 00000 eng u
010 |a  08037723  
035 |a (OCoLC)00569408 
035 |9 AAH1862AM 
040 |c YNG  |d TXA  |d UtOrBLW 
049 |a TXAM  |c 1 [2777]  
050 0 |a LB1025  |b .C4 
092 |a 371  |b C35s 
100 1 |a Chamberlain, Arthur Henry,  |d 1870- 
245 1 0 |a Standards in education :  |b with some consideration of their relation to industrial training /  |c by Arthur Henry Chamberlain ... 
264 1 |a New York,  |a Cincinnati [etc.] :  |b American book company,  |c [1908] 
264 4 |c [©1908] 
300 |a 265 pages 
336 |a text  |b txt  |2 rdacontent 
337 |a unmediated  |b n  |2 rdamedia 
338 |a volume  |b nc  |2 rdacarrier 
504 |a Books to consult at end of chapters. 
650 0 |a Education. 
650 0 |a Teaching. 
999 |a MARS 
999 f f |s 7d9d67ff-e2c5-3c3d-9d29-cae7f27e3186  |i 0961a858-2c57-35c5-9fdb-44c98e9a4388  |t 0 
952 f f |p ric  |a Texas A&M University  |b Rellis Campus  |c Joint Library Facility  |d Remote Storage  |t 0  |e LB1025 .C4  |h Library of Congress classification  |i unmediated -- volume  |m A14800828798 
998 f f |a LB1025 .C4  |t 0  |l Remote Storage